[Event "Natal op-B 9th"]
[Site "Natal"]
[Date "2012.02.21"]
[Round "7"]
[White "Silva, Alexsandro Lira"]
[Black "De Andrade, Dalson Holanda Cav"]
[Result "1-0"]
[WhiteElo "1995"]
[BlackElo "1922"]
[PlyCount "125"]
[EventDate "2012.02.17"]
[EventType "swiss"]
[EventRounds "7"]
[EventCountry "BRA"]
[SourceTitle "CBM 147 Extra"]
[Source "ChessBase"]
[SourceDate "2012.04.24"]
[SourceVersion "1"]
[SourceVersionDate "2012.04.24"]
[SourceQuality "1"]

1. e4 e5 2. f4 exf4 3. Nf3 Be7 4. Bc4 Bh4+ 5. Kf1 Nc6 6. d4 Na5 7. Bd3 d5 8. e5 Nc6 9. Bxf4 Bg4 10. c3 Be7 11. Nbd2 Qd7 12. b4 Bf5 13. Be2 h6 14. Nb3 g5 15. Be3 Be4 16. b5 Nd8 17. Nfd2 f5 18. Nxe4 fxe4 19. Bh5+ Kf8 20. a4 a6 21. Bg4 Qe8 22. Be2 axb5 23. axb5 Rxa1 24. Qxa1 Ne6 25. g3 h5 26. Kg2 Nh6 27. Rf1+ Kg7 28. c4 Qd7 29. cxd5 Qxd5 30. Nd2 Ng4 31. Bxg4 hxg4 32. Qb1 Nxd4 33. Qxe4 Qxe4+ 34. Nxe4 Nf3 35. h3 Nxe5 36. hxg4 Ra8 37. Bd4 Bd6 38. Rf5 Re8 39. b6 Kg6 40. bxc7 Bxc7 41. Rxg5+ Kf7 42. Nc5 Bb8 43. Nxb7 Nd3 44. Rd5 Ne1+ 45. Kh3 Re2 46. Nc5 Kg6 47. Rf5 Nc2 48. Rf6+ Kh7 49. Bf2 Be5 50. Rf5 Nd4 51. Bxd4 Bxd4 52. Nd3 Bg1 53. g5 Re3 54. Rd5 Re4 55. Nf4 Bd4 56. Rd7+ Kg8 57. Rd8+ Kf7 58. Kg4 Bb2 59. Rb8 Bc3 60. Rb7+ Kg8 61. Rb5 Re3 62. g6 Be1 63. Nh5 1-0

[Event "Natal op-B 9th"]
[Site "Natal"]
[Date "2012.02.18"]
[Round "2"]
[White "Silva, Alexsandro Lira"]
[Black "De Lima, Alan Silva"]
[Result "1/2-1/2"]
[WhiteElo "1995"]
[BlackElo "1856"]
[PlyCount "43"]
[EventDate "2012.02.17"]
[EventType "swiss"]
[EventRounds "7"]
[EventCountry "BRA"]
[SourceTitle "CBM 147 Extra"]
[Source "ChessBase"]
[SourceDate "2012.04.24"]
[SourceVersion "1"]
[SourceVersionDate "2012.04.24"]
[SourceQuality "1"]

1. e4 c5 2. Nf3 d6 3. c4 Nf6 4. Nc3 Nbd7 5. d4 cxd4 6. Nxd4 g6 7. Be3 Bg7 8. Be2 a6 9. 0-0 Qc7 10. Rc1 0-0 11. Qd2 Qa5 12. f3 Re8 13. Rfd1 Ne5 14. Nb3 Qc7 15. Nd5 Nxd5 16. cxd5 Qd8 17. Qb4 b5 18. Na5 Bd7 19. h3 Nc4 20. Bxc4 bxc4 21. Nxc4 Rb8 22. Bb6 1/2-1/2

[Event "Natal Potiguar op"]
[Site "Natal"]
[Date "2011.08.20"]
[Round "4"]
[White "Silva, Alexsandro Lira"]
[Black "Oliveira Jr, Antonio Fernandes"]
[Result "1-0"]
[WhiteElo "2001"]
[BlackElo "1862"]
[PlyCount "47"]
[EventDate "2011.08.19"]
[EventType "swiss"]
[EventRounds "6"]
[EventCountry "BRA"]
[SourceTitle "EXT 2014"]
[Source "ChessBase"]
[SourceDate "2013.11.20"]
[SourceVersion "1"]
[SourceVersionDate "2013.11.20"]
[SourceQuality "1"]

1. Nf3 Nf6 2. c4 g6 3. d4 Bg7 4. Nc3 0-0 5. Bg5 d6 6. Qd2 Nbd7 7. Bh6 c5 8. Bxg7 Kxg7 9. e3 cxd4 10. exd4 e5 11. Be2 Re8 12. 0-0 exd4 13. Qxd4 Qb6 14. Rfd1 Qxb2 15. Rab1 Qa3 16. Nb5 Qa5 17. Bd3 Ne5 18. Ne1 Nxd3 19. Nxd3 Bf5 20. Nxd6 Red8 21. Rxb7 Rxd6 22. Qxd6 Rd8 23. Qe7 Be6 24. Qxe6 1-0

[Event "Natal Potiguar-ch op"]
[Site "Natal"]
[Date "2010.09.25"]
[Round "7"]
[White "Carneiro, Francisco Caninde S"]
[Black "Silva, Alexsandro Lira"]
[Result "0-1"]
[WhiteElo "1968"]
[BlackElo "2012"]
[PlyCount "54"]
[EventDate "2010.09.17"]
[EventType "swiss"]
[EventRounds "9"]
[EventCountry "BRA"]
[SourceTitle "EXT 2014"]
[Source "ChessBase"]
[SourceDate "2013.11.20"]
[SourceVersion "1"]
[SourceVersionDate "2013.11.20"]
[SourceQuality "1"]

1. e4 c5 2. Nf3 Nc6 3. d4 cxd4 4. Nxd4 Nf6 5. Nc3 d6 6. Be2 e6 7. 0-0 a6 8. Be3 Bd7 9. f4 b5 10. Bf3 Rc8 11. Qe1 Be7 12. Rd1 Qc7 13. a3 Na5 14. Kh1 Nc4 15. Bc1 0-0 16. Qg3 e5 17. Nf5 Bxf5 18. exf5 Kh8 19. Bd5 Nxa3 20. Bb3 Nc4 21. Rde1 b4 22. fxe5 dxe5 23. Ne4 Nxe4 24. Rxe4 Na5 25. Ba4 Nc4 26. Bb3 a5 27. Ba4 Bf6 0-1

[Event "Potiguar-ch sf"]
[Site "Natal"]
[Date "2009.08.30"]
[Round "7.3"]
[White "Macedo, Alexandre Soares"]
[Black "Silva, Alexsandro Lira"]
[Result "1-0"]
[WhiteElo "2000"]
[BlackElo "2013"]
[PlyCount "73"]
[EventDate "2009.08.26"]
[EventType "swiss"]
[EventRounds "7"]
[EventCountry "BRA"]
[SourceTitle "EXT 2022"]
[Source "ChessBase"]
[SourceDate "2021.10.06"]
[SourceVersion "1"]
[SourceVersionDate "2021.10.06"]
[SourceQuality "1"]

1. b4 d5 2. Bb2 Nf6 3. Nf3 e6 4. a3 c5 5. b5 Be7 6. e3 0-0 7. Be2 a6 8. c4 axb5 9. cxb5 Nbd7 10. 0-0 b6 11. d3 Qc7 12. Nbd2 Bb7 13. Re1 Bd6 14. Bf1 e5 15. e4 Rfe8 16. h3 Rad8 17. Qc2 Nf8 18. a4 dxe4 19. dxe4 Ne6 20. Nc4 Nd4 21. Bxd4 cxd4 22. Bd3 Rc8 23. Nfd2 Bb4 24. Rec1 Bc3 25. Ra2 Nd7 26. f3 Nc5 27. Bf1 Bxd2 28. Nxd2 Qd7 29. Qd1 Ne6 30. Nc4 Qc7 31. Rac2 f6 32. g3 Ba8 33. Nd6 Nc5 34. Nxe8 Rxe8 35. a5 d3 36. Bxd3 Rd8 37. axb6 1-0

[Event "Potiguar-ch sf"]
[Site "Natal"]
[Date "2009.08.29"]
[Round "4.6"]
[White "Xavier, Lucca Lucas"]
[Black "Silva, Alexsandro Lira"]
[Result "1/2-1/2"]
[WhiteElo "1972"]
[BlackElo "2013"]
[PlyCount "128"]
[EventDate "2009.08.26"]
[EventType "swiss"]
[EventRounds "7"]
[EventCountry "BRA"]
[SourceTitle "EXT 2022"]
[Source "ChessBase"]
[SourceDate "2021.10.06"]
[SourceVersion "1"]
[SourceVersionDate "2021.10.06"]
[SourceQuality "1"]

1. e4 e5 2. Nf3 Nc6 3. Bc4 Nf6 4. d3 h6 5. c3 Bc5 6. h3 d5 7. exd5 Nxd5 8. Qb3 Be6 9. Qxb7 Nde7 10. Qb5 Qd6 11. b4 Bb6 12. Nbd2 Bd7 13. Ne4 Qg6 14. g4 f6 15. Qa6 Bc8 16. Qa4 Bd7 17. Qb3 Rf8 18. a4 Rb8 19. Be3 Bxe3 20. fxe3 Na5 21. Qa2 Nxc4 22. Qxc4 Bc6 23. Nh4 Qf7 24. Qxf7+ Kxf7 25. Rf1 Bxe4 26. dxe4 a5 27. Rb1 Nc8 28. Ke2 Nb6 29. Ra1 Nc4 30. Rfb1 Rfd8 31. Rd1 axb4 32. Rxd8 Rxd8 33. Rd1 Rxd1 34. Kxd1 b3 35. Nf5 g6 36. Nxh6+ Kg7 37. g5 Nb2+ 38. Kd2 Nxa4 39. Ng4 fxg5 40. Nxe5 b2 41. Kc2 Nxc3 42. Kxb2 Nxe4 43. Ng4 Nf6 44. Ne5 Nd5 45. Ng4 Kf7 46. Kb3 Ke6 47. Kc4 Nf6 48. Nf2 Kf5 49. Kd4 c5+ 50. Kd3 g4 51. e4+ Kf4 52. hxg4 Nxg4 53. Nh3+ Ke5 54. Ng5 Nf2+ 55. Ke3 Ng4+ 56. Kd3 Nf6 57. Ke3 c4 58. Nf7+ Ke6 59. Ng5+ Kd6 60. Kd4 c3 61. Kxc3 Ke5 62. Kd3 Kf4 63. Ne6+ Ke5 64. Ng5 Ng4 1/2-1/2

[Event "Natal Magistral 6th C"]
[Site "Natal"]
[Date "2009.02.23"]
[Round "8.2"]
[White "Almeida, Carlos Bruno Gomes"]
[Black "Silva, Alexsandro Lira"]
[Result "0-1"]
[WhiteElo "1958"]
[BlackElo "1979"]
[PlyCount "74"]
[EventDate "2009.02.20"]
[EventType "tourn"]
[EventRounds "9"]
[EventCountry "BRA"]
[SourceTitle "EXT 2022"]
[Source "ChessBase"]
[SourceDate "2021.10.06"]
[SourceVersion "1"]
[SourceVersionDate "2021.10.06"]
[SourceQuality "1"]

1. e4 e6 2. d4 d5 3. Nc3 Nf6 4. Bg5 Be7 5. e5 Nfd7 6. Bxe7 Qxe7 7. f4 a6 8. Nf3 c5 9. Ne2 cxd4 10. Nexd4 Qb4+ 11. c3 Qxb2 12. Rc1 Nc6 13. Be2 Nc5 14. 0-0 Ne4 15. Qe1 Bd7 16. Bd3 Nxd4 17. cxd4 0-0 18. Rc2 Qb6 19. Bxe4 dxe4 20. Qxe4 Bc6 21. Qe3 Rad8 22. Rfc1 Bxf3 23. Qxf3 Qxd4+ 24. Kh1 Rd5 25. h3 h6 26. Rc7 b5 27. Rb7 Rd7 28. Rxd7 Qxd7 29. Qc3 Rd8 30. Qa5 Qd2 31. Qxd2 Rxd2 32. Rc8+ Kh7 33. Rc7 Rxa2 34. Rxf7 b4 35. f5 exf5 36. Rxf5 b3 37. e6 b2 0-1

[Event "Natal Magistral 6th C"]
[Site "Natal"]
[Date "2009.02.20"]
[Round "2.3"]
[White "Silva, Alexsandro Lira"]
[Black "Cardoso, Cicero Assuncao Jr"]
[Result "1-0"]
[WhiteElo "1979"]
[BlackElo "1887"]
[PlyCount "133"]
[EventDate "2009.02.20"]
[EventType "tourn"]
[EventRounds "9"]
[EventCountry "BRA"]
[SourceTitle "EXT 2022"]
[Source "ChessBase"]
[SourceDate "2021.10.06"]
[SourceVersion "1"]
[SourceVersionDate "2021.10.06"]
[SourceQuality "1"]

1. e4 c5 2. Nf3 e6 3. d4 cxd4 4. Nxd4 a6 5. c4 b6 6. Be2 Bb7 7. Bf3 Qc7 8. Nd2 Ne7 9. 0-0 Nbc6 10. Nxc6 Nxc6 11. b3 Bd6 12. g3 Be5 13. Rb1 Nd4 14. Bg2 0-0 15. Bb2 Nc6 16. Ba3 Bd6 17. Bxd6 Qxd6 18. Nf3 Qc7 19. Qd2 Ne7 20. Rbd1 d5 21. exd5 exd5 22. cxd5 Nxd5 23. Rc1 Qd6 24. Rfd1 Rad8 25. Qb2 Qe7 26. Nd4 Qf6 27. Qa3 a5 28. Qa4 Rc8 29. Rxc8 Rxc8 30. Qd7 Nc3 31. Qxb7 Rd8 32. Rd2 g6 33. Qf3 Qxf3 34. Nxf3 Rxd2 35. Nxd2 Nxa2 36. Bc6 Nb4 37. Bb5 Nd5 38. Nc4 Kf8 39. Bc6 Nb4 40. Bg2 Ke7 41. Nxb6 Kd6 42. Nc4+ Kc5 43. Nxa5 Nc2 44. Nc4 Nd4 45. Ne3 Nxb3 46. Bd5 Nd4 47. Bxf7 Kd6 48. h4 Ke7 49. Bg8 h6 50. Ng4 h5 51. Ne3 Kf6 52. f4 Kg7 53. Bd5 Ne2+ 54. Kh2 Nc3 55. Bc4 Ne4 56. Kg2 Kf6 57. Kf3 Nd6 58. Bd3 Nf7 59. Nc4 Nh6 60. Ne5 Nf5 61. Bxf5 gxf5 62. Ke3 Ke7 63. Kd4 Ke6 64. Kc5 Ke7 65. Kd5 Kf6 66. Kd6 Kg7 67. Ke6 1-0

[Event "Natal Magistral 4th C"]
[Site "Natal"]
[Date "2007.04.30"]
[Round "6.6"]
[White "Rodrigues, Flavio Leite"]
[Black "Silva, Alexsandro Lira"]
[Result "0-1"]
[WhiteElo "1837"]
[BlackElo "1992"]
[PlyCount "40"]
[EventDate "2007.04.27"]
[EventType "tourn"]
[EventRounds "11"]
[EventCountry "BRA"]
[SourceTitle "EXT 2022"]
[Source "ChessBase"]
[SourceDate "2021.10.06"]
[SourceVersion "1"]
[SourceVersionDate "2021.10.06"]
[SourceQuality "1"]

1. e4 c5 2. Nf3 Nc6 3. d3 e6 4. Nbd2 d5 5. g3 Nf6 6. Bg2 Be7 7. 0-0 dxe4 8. dxe4 0-0 9. Re1 e5 10. c3 Qc7 11. Qc2 b6 12. a4 Rd8 13. Nc4 Ba6 14. Bf1 Bxc4 15. Bxc4 Na5 16. Nd2 Rxd2 17. Bxf7+ Kxf7 18. Bxd2 c4 19. Bg5 Nb3 20. Bxf6 Nxa1 0-1

[Event "Natal Magistral 4th C"]
[Site "Natal"]
[Date "2007.04.29"]
[Round "3.3"]
[White "Silva, Alexsandro Lira"]
[Black "Rocha, Vitor Firmo de Souz"]
[Result "1-0"]
[WhiteElo "1992"]
[BlackElo "1700"]
[PlyCount "65"]
[EventDate "2007.04.27"]
[EventType "tourn"]
[EventRounds "11"]
[EventCountry "BRA"]
[SourceTitle "EXT 2022"]
[Source "ChessBase"]
[SourceDate "2021.10.06"]
[SourceVersion "1"]
[SourceVersionDate "2021.10.06"]
[SourceQuality "1"]

1. e4 c6 2. d4 d5 3. exd5 cxd5 4. c4 Nf6 5. Nc3 e6 6. Bf4 Be7 7. Nf3 0-0 8. c5 Bd7 9. Bd3 Nc6 10. a3 b6 11. b4 a6 12. 0-0 bxc5 13. bxc5 Qa5 14. Qc2 h6 15. Rfb1 Nh5 16. Bd2 Qc7 17. Rb6 Nxd4 18. Nxd4 Bxc5 19. Rb4 Bxb4 20. axb4 e5 21. Nb3 Qd6 22. Nc5 Bb5 23. Bxb5 axb5 24. Rb1 Qc6 25. Qd3 Nf6 26. Qxb5 Qxb5 27. Nxb5 Ra2 28. Be1 d4 29. Kf1 Rd8 30. Rd1 Nd7 31. Nxd7 Rxd7 32. Nc3 d3 33. Nxa2 1-0

[Event "Natal Magistral 3rd A"]
[Site "Natal"]
[Date "2006.12.16"]
[Round "8.5"]
[White "Silva, Alexsandro Lira"]
[Black "Silveira Filho, Neri da Silva"]
[Result "0-1"]
[WhiteElo "2024"]
[BlackElo "2278"]
[PlyCount "156"]
[EventDate "2006.12.08"]
[EventType "tourn"]
[EventRounds "9"]
[EventCountry "BRA"]
[SourceTitle "EXT 2022"]
[Source "ChessBase"]
[SourceDate "2021.10.06"]
[SourceVersion "1"]
[SourceVersionDate "2021.10.06"]
[SourceQuality "1"]

1. e4 g6 2. d4 Bg7 3. Nf3 d6 4. Bc4 a6 5. 0-0 Nf6 6. Nbd2 0-0 7. b3 Nxe4 8. Nxe4 d5 9. Bd3 dxe4 10. Bxe4 c5 11. Bb2 Nc6 12. Bxc6 bxc6 13. h3 Qc7 14. Qe2 Re8 15. Rfe1 cxd4 16. Bxd4 Bxd4 17. Nxd4 c5 18. Nf3 Bb7 19. Rad1 Rad8 20. Rxd8 Qxd8 21. Rd1 Qc8 22. Qd3 f6 23. c4 Kf7 24. Ne1 Qc6 25. f3 Qc8 26. Rd2 Qe6 27. Nc2 Qe5 28. Ne3 Qg3 29. Nf1 Qg5 30. Qe3 Qf5 31. Qd3 Qe5 32. Qe3 Qc7 33. Qd3 Bc6 34. Ne3 a5 35. Nd5 Qg3 36. Qe3 a4 37. Rd1 axb3 38. axb3 Qd6 39. Nc3 Qb8 40. Qxc5 Bxf3 41. Rd3 Rc8 42. Qb5 Qa7+ 43. Kh2 Rb8 44. Qd7 Qxd7 45. Rxd7 Rxb3 46. Nd5 Bxd5 47. Rxd5 Rc3 48. Rc5 Ke6 49. Kg1 Rc2 50. Rc8 Kd7 51. Rh8 h5 52. Rh6 g5 53. Rxh5 Rxc4 54. g3 Rc2 55. h4 gxh4 56. Rxh4 e5 57. Kf1 Ke6 58. g4 e4 59. Rh5 Rd2 60. Ra5 Rd5 61. Ra6+ Ke5 62. Ke2 Rb5 63. Ra3 Kf4 64. Ra6 Rb2+ 65. Kd1 Kg5 66. Re6 Kxg4 67. Rxe4+ Kf3 68. Ra4 f5 69. Ra8 f4 70. Ra7 Kf2 71. Rg7 Rb8 72. Rd7 f3 73. Rd6 Kf1 74. Kd2 f2 75. Rg6 Rd8+ 76. Kc2 Rd5 77. Ra6 Rg5 78. Rd6 Kg1 0-1

[Event "Natal Magistral 3rd A"]
[Site "Natal"]
[Date "2006.12.09"]
[Round "2.3"]
[White "Pinto, Carlos Henrique Lop"]
[Black "Silva, Alexsandro Lira"]
[Result "1-0"]
[WhiteElo "2142"]
[BlackElo "2024"]
[PlyCount "69"]
[EventDate "2006.12.08"]
[EventType "tourn"]
[EventRounds "9"]
[EventCountry "BRA"]
[SourceTitle "EXT 2022"]
[Source "ChessBase"]
[SourceDate "2021.10.06"]
[SourceVersion "1"]
[SourceVersionDate "2021.10.06"]
[SourceQuality "1"]

1. e4 c5 2. Nf3 Nc6 3. Bb5 a6 4. Bxc6 bxc6 5. 0-0 d5 6. e5 Bg4 7. h3 Bh5 8. Re1 e6 9. d3 Qc7 10. b3 Ne7 11. Nc3 Bxf3 12. Qxf3 Nf5 13. Ba3 Nd4 14. Qd1 Nb5 15. Bb2 Nxc3 16. Bxc3 g6 17. Qd2 Bg7 18. Ba5 Qb8 19. Qc3 0-0 20. Qxc5 Bxe5 21. d4 Bg7 22. Rad1 Re8 23. Rd3 Qb5 24. Qc3 Rac8 25. a4 Qb7 26. Bb4 a5 27. Bc5 Qc7 28. Qd2 e5 29. dxe5 Rxe5 30. Rxe5 Bxe5 31. Qe2 Bf6 32. Qf3 Qe5 33. Re3 Qa1+ 34. Kh2 Bg5 35. Qg4 1-0